[Event "Brighton op"]
[Site "Brighton"]
[Date "2010.11.14"]
[Round "4"]
[White "Ackley, Peter JE"]
[Black "Andreev, Peter"]
[Result "1/2-1/2"]
[WhiteElo "2035"]
[BlackElo "1864"]
[PlyCount "84"]
[EventDate "2010.11.12"]
[EventType "swiss"]
[EventRounds "5"]
[EventCountry "ENG"]
[SourceTitle "EXT 2011"]
[Source "ChessBase"]
[SourceDate "2010.11.26"]
[SourceVersion "1"]
[SourceVersionDate "2010.11.26"]
[SourceQuality "1"]

1. c4 Nf6 2. g3 g6 3. Bg2 Bg7 4. Nc3 0-0 5. Rb1 c5 6. a3 e6 7. b4 cxb4 8. axb4 d5 9. cxd5 Nxd5 10. Nxd5 exd5 11. d4 Bf5 12. Rb3 Nc6 13. e3 Qe7 14. Ne2 Nxb4 15. Qd2 a5 16. 0-0 Rfd8 17. Ba3 Bf8 18. Bxb4 axb4 19. Nf4 Be4 20. f3 Bf5 21. g4 Be6 22. Nd3 Ra3 23. Rfb1 Rxb3 24. Rxb3 Qc7 25. Nxb4 Ra8 26. Qb2 Qc4 27. Bf1 Ra1 28. Qxa1 Qxb3 29. Nd3 Bh6 30. Qe1 Bd7 31. Qd2 f5 32. gxf5 Bxf5 33. f4 Bf8 34. Kf2 b5 35. Nc5 Qb1 36. Bg2 Be4 37. Nxe4 dxe4 38. Bf1 Bd6 39. Qe2 b4 40. Qc4+ Kg7 41. Qe6 Qc2+ 42. Be2 b3 1/2-1/2

[Event "Brighton op"]
[Site "Brighton"]
[Date "2010.11.13"]
[Round "3"]
[White "Batchelor, Peter"]
[Black "Andreev, Peter"]
[Result "1-0"]
[WhiteElo "2050"]
[BlackElo "1864"]
[PlyCount "65"]
[EventDate "2010.11.12"]
[EventType "swiss"]
[EventRounds "5"]
[EventCountry "ENG"]
[SourceTitle "EXT 2011"]
[Source "ChessBase"]
[SourceDate "2010.11.26"]
[SourceVersion "1"]
[SourceVersionDate "2010.11.26"]
[SourceQuality "1"]

1. d4 Nf6 2. c4 g6 3. Nc3 Bg7 4. e4 d6 5. f3 Nc6 6. Nge2 e5 7. d5 Nd4 8. Be3 0-0 9. Nxd4 exd4 10. Bxd4 c5 11. dxc6 bxc6 12. Be2 Rb8 13. Qd2 Nh5 14. Bxg7 Nxg7 15. 0-0-0 Qb6 16. Na4 Qa6 17. b3 Rd8 18. c5 Qb7 19. cxd6 Ne8 20. e5 Be6 21. Nc5 Qb6 22. Nxe6 fxe6 23. Bc4 Ng7 24. Qc3 a5 25. h4 Kf7 26. g4 h5 27. Rd3 a4 28. Qd4 axb3 29. Qxb6 Rxb6 30. Rxb3 Rxb3 31. Bxb3 c5 32. Kb2 Rb8 33. Rc1 1-0

[Event "BCF-chT3 1011 (4NCL)"]
[Site "England"]
[Date "2010.11.07"]
[Round "2.39"]
[White "Balendran, Baven"]
[Black "Andreev, Peter"]
[Result "0-1"]
[WhiteElo "1818"]
[BlackElo "1864"]
[PlyCount "137"]
[EventDate "2010.11.06"]
[EventType "team-swiss"]
[EventRounds "9"]
[EventCountry "ENG"]
[SourceTitle "CBM 139 Extra"]
[Source "ChessBase"]
[SourceDate "2011.01.05"]
[SourceVersion "1"]
[SourceVersionDate "2011.01.05"]
[SourceQuality "1"]
[WhiteTeam "KJCA Knights"]
[BlackTeam "e2e4.org.uk IV"]
[WhiteTeamCountry "ENG"]
[BlackTeamCountry "ENG"]

1. e4 c5 2. Nf3 Nc6 3. d4 cxd4 4. Nxd4 Nf6 5. Nc3 e5 6. Ndb5 d6 7. Nd5 Nxd5 8. exd5 Nb8 9. c4 Be7 10. Bd3 0-0 11. 0-0 f5 12. f3 a5 13. Qc2 Na6 14. Be2 Nc5 15. Be3 b6 16. a3 a4 17. Bxc5 bxc5 18. b4 axb3 19. Qxb3 Qa5 20. Qc3 Qxc3 21. Nxc3 e4 22. fxe4 Bf6 23. Rac1 Rxa3 24. Nb5 Ra2 25. Bf3 Be5 26. Rb1 fxe4 27. Bxe4 Rxf1+ 28. Rxf1 Bg4 29. Bf5 Bxf5 30. Rxf5 Rc2 31. Na3 Rc1+ 32. Kf2 Bxh2 33. g3 Rc3 34. Rf3 Bg1+ 35. Ke2 Rxf3 36. Kxf3 Bd4 37. Nb5 Be5 38. Nc7 Kf7 39. g4 Kg6 40. Ne6 h5 41. gxh5+ Kxh5 42. Ke4 Bc3 43. Nf4+ Kg4 44. Ng6 Kg5 45. Ne7 g6 46. Nc6 Bf6 47. Na5 Kg4 48. Nb3 g5 49. Nd2 Be5 50. Nf3 Bf4 51. Ng1 Bg3 52. Ne2 Bf2 53. Nc1 Kh3 54. Kf3 Bd4 55. Ne2 g4+ 56. Kf4 g3 57. Kf3 Be5 58. Nxg3 Bxg3 59. Ke4 Be5 60. Kf3 Kh4 61. Ke4 Kg4 62. Ke3 Bh8 63. Ke4 Bd4 64. Kd3 Kf4 65. Kd2 Ke4 66. Kc2 Bg7 67. Kd2 Kd4 68. Kc2 Kxc4 69. Kc1 0-1

[Event "BCF-chT3 0910 (4NCL)"]
[Site "England"]
[Date "2010.05.03"]
[Round "11.2"]
[White "Kendall, Paul SN"]
[Black "Andreev, Peter"]
[Result "1-0"]
[WhiteElo "2085"]
[BlackElo "1846"]
[PlyCount "61"]
[EventDate "2009.10.24"]
[EventType "team-tourn"]
[EventRounds "11"]
[EventCountry "ENG"]
[SourceTitle "EXT 2011"]
[Source "ChessBase"]
[SourceDate "2010.11.26"]
[SourceVersion "1"]
[SourceVersionDate "2010.11.26"]
[SourceQuality "1"]
[WhiteTeam "FCA Solutions II"]
[BlackTeam "AMCA Hippos"]
[WhiteTeamCountry "ENG"]
[BlackTeamCountry "ENG"]

1. e4 c5 2. Nc3 Nc6 3. f4 g6 4. Nf3 Bg7 5. Bb5 Nd4 6. 0-0 e6 7. d3 Ne7 8. Nxd4 cxd4 9. Ne2 0-0 10. Ba4 d6 11. c3 b5 12. Bb3 dxc3 13. bxc3 b4 14. Be3 bxc3 15. Rc1 Qa5 16. d4 Ba6 17. Rf3 Rac8 18. Rh3 Rc7 19. Ng3 Rfc8 20. Qg4 Bc4 21. Qh4 h5 22. Bxc4 Rxc4 23. Qxe7 Bxd4 24. Bxd4 Rxd4 25. Nxh5 Qxh5 26. Rxh5 gxh5 27. Qg5+ Kf8 28. Qxh5 Ke7 29. Qg5+ Kf8 30. Qf6 Rdc4 31. Rc2 1-0

[Event "BCF-chT3 0910 (4NCL)"]
[Site "England"]
[Date "2010.05.02"]
[Round "10.5"]
[White "Oakley, Robin"]
[Black "Andreev, Peter"]
[Result "0-1"]
[WhiteElo "1858"]
[BlackElo "1846"]
[PlyCount "58"]
[EventDate "2009.10.24"]
[EventType "team-tourn"]
[EventRounds "11"]
[EventCountry "ENG"]
[SourceTitle "EXT 2011"]
[Source "ChessBase"]
[SourceDate "2010.11.26"]
[SourceVersion "1"]
[SourceVersionDate "2010.11.26"]
[SourceQuality "1"]
[WhiteTeam "Hackney"]
[BlackTeam "AMCA Hippos"]
[WhiteTeamCountry "ENG"]
[BlackTeamCountry "ENG"]

1. e4 c5 2. Nf3 Nc6 3. d4 cxd4 4. Nxd4 Nf6 5. Nc3 e5 6. Ndb5 d6 7. Nd5 Nxd5 8. exd5 Ne7 9. c4 Nf5 10. Be2 g6 11. 0-0 Bg7 12. Nc3 0-0 13. Bd3 Nh6 14. f3 f5 15. Be3 f4 16. Bf2 g5 17. Be4 Nf5 18. Qd3 h5 19. c5 g4 20. Ne2 Qg5 21. fxg4 hxg4 22. cxd6 Nxd6 23. Bc5 Rf6 24. Bxd6 Rxd6 25. Qb5 Rh6 26. Qe8+ Bf8 27. g3 f3 28. Nc3 Qe3+ 29. Kh1 Qd2 0-1

[Event "Uxbridge op"]
[Site "Uxbridge"]
[Date "2010.03.21"]
[Round "4"]
[White "Pleasants, Allan J"]
[Black "Andreev, Peter"]
[Result "0-1"]
[WhiteElo "2038"]
[BlackElo "1846"]
[PlyCount "77"]
[EventDate "2010.03.19"]
[EventType "swiss"]
[EventRounds "5"]
[EventCountry "ENG"]
[SourceTitle "CBM 135 Extra"]
[Source "ChessBase"]
[SourceDate "2010.05.04"]
[SourceVersion "1"]
[SourceVersionDate "2010.05.04"]
[SourceQuality "1"]

1. Nf3 Nf6 2. g3 g6 3. Bg2 Bg7 4. d4 0-0 5. 0-0 d6 6. c4 c6 7. Nc3 a6 8. h3 b5 9. b3 h6 10. Bb2 Qb6 11. Qc2 Be6 12. Rac1 Nbd7 13. Rfd1 Rfc8 14. Ba1 bxc4 15. bxc4 Qa5 16. Qd3 Qh5 17. g4 Qa5 18. e4 Rab8 19. c5 Bxa2 20. Nxa2 Qxa2 21. cxd6 exd6 22. Bc3 c5 23. d5 c4 24. Qe3 Nc5 25. e5 dxe5 26. Nxe5 Nb3 27. Rb1 Qc2 28. d6 Nd4 29. Qxd4 Rxb1 30. Rxb1 Qxb1+ 31. Kh2 Nd7 32. Nxd7 Bxd4 33. Bxd4 Qb4 34. Nf6+ Kf8 35. Ne4 c3 36. Bf6 c2 37. Be7+ Kg7 38. d7 Qb8+ 39. Bd6 0-1